Ganzúa / (Registro nro. 11830)

000 -CABECERA
campo de control de longitud fija 02095nam a2200277 a 4500
001 - NÚMERO DE CONTROL
campo de control 000087073
005 - FECHA Y HORA DE LA ÚLTIMA TRANSACCIÓN
campo de control 20200120224937.0
008 - DATOS DE LONGITUD FIJA--INFORMACIÓN GENERAL
campo de control de longitud fija 990302s2015 ck a dr| ||| f spa d
020 ## - NÚMERO INTERNACIONAL ESTÁNDAR DEL LIBRO
Número Internacional Estándar del Libro 9789583049613
041 ## - CÓDIGO DE LENGUA
Código de lengua del texto/banda sonora o título independiente spa
043 ## - CÓDIGO DE ÁREA GEOGRÁFICA
Código de área geográfica s-ck---
090 ## - LOCALMENTE ASIGNADO TIPO-LC NÚMERO DE CLASIFICACIÓN (OCLC); NÚMERO DE CLASIFICACIÓN LOCAL (RLIN)
Número de clasificación (OCLC) (R) ; Numero de clasificación, CALL (RLIN) (NR) JN
Número cutter local (OCLC) ; Número de libro/Signatura topográfica íntegra, CALL (RLIN) MACLga
100 0# - ENTRADA PRINCIPAL--NOMBRE DE PERSONA
Nombre de persona Macías Zuluaga, Luis Fernando,
Fechas asociadas al nombre 1957-
245 13 - MENCIÓN DE TÍTULO
Título Ganzúa /
Mención de responsabilidad, etc. Luis Fernando Macías Zuluaga; ilustrador: Jhon Mahecha.
250 ## - MENCIÓN DE EDICIÓN
Mención de edición 1a. ed.
260 ## - PUBLICACIÓN, DISTRIBUCIÓN, ETC.
Lugar de publicación, distribución, etc. Bogotá :
Nombre del editor, distribuidor, etc. Panamericana,
Fecha de publicación, distribución, etc. 2015.
300 ## - DESCRIPCIÓN FÍSICA
Extensión 127 páginas.
490 ## - MENCIÓN DE SERIE
Mención de serie Jóvenes adultos
520 ## - SUMARIO, ETC.
Sumario, etc. "Amor y violencia, resentimiento y una visión poética de un rincón secreto de Medellín configuran una historia conmovedora en que el futuro truncado de los jóvenes arrojados a la marginalidad es la sombra de ese otro país. La novela se estructura a partir de capítulos cortos (incluso unos muy cortos), en que se tejen las diferentes voces de los personajes con la de un narrador omnisciente que observa la irremediable caída de los jóvenes hacia un trágico final, nadando en el desencanto y el rencor de sus vidas. Se juega con la linealidad de la historia, lo cual permite que se evoquen pasajes de la infancia de los protagonistas con los de su turbulenta adolescencia y con su auge como delincuentes y drogadictos. Los griegos imaginaron que para hacer el tránsito entre la vida y la muerte era necesario cruzar un río, el Leteo. El barquero, Caronte, estaba encargado de llevar a los viajeros desde el reino de la luz hasta el mundo de las sombras. En Ganzúa, ese río son las calles de Medellín, ese barquero es una suave anciana, Ágata, capacitada para ver más allá, y ese viajero es Petróleo, un muchacho triste del barrio. La novela es también la historia de Caín y Abel que vuelve a repetirse... Uno es el arquetipo, múltiples sus maneras de objetivarse."
650 14 - PUNTO DE ACCESO ADICIONAL DE MATERIA--TÉRMINO DE MATERIA
Término de materia o nombre geográfico como elemento de entrada Novela juvenil colombiano
650 24 - PUNTO DE ACCESO ADICIONAL DE MATERIA--TÉRMINO DE MATERIA
Término de materia o nombre geográfico como elemento de entrada Literatura juvenil colombiana
650 24 - PUNTO DE ACCESO ADICIONAL DE MATERIA--TÉRMINO DE MATERIA
Término de materia o nombre geográfico como elemento de entrada Violencia en la literatura
650 24 - PUNTO DE ACCESO ADICIONAL DE MATERIA--TÉRMINO DE MATERIA
Término de materia o nombre geográfico como elemento de entrada Pobreza en la literatura
650 24 - PUNTO DE ACCESO ADICIONAL DE MATERIA--TÉRMINO DE MATERIA
Término de materia o nombre geográfico como elemento de entrada Jóvenes en la literatura
700 1# - PUNTO DE ACCESO ADICIONAL--NOMBRE DE PERSONA
Nombre de persona Jhon, Mahecha,
Término indicativo de función/relación ilustrador.
Existencias
Estado de retiro Estado de pérdida Fuente del sistema de clasificación o colocación Estado dañado No para préstamo Código de colección Localización permanente Ubicación/localización actual Fecha de adquisición Número de inventario Total de préstamos Signatura topográfica completa Código de barras Fecha visto por última vez Fecha del último préstamo Número de copia Precio válido a partir de Tipo de ítem Koha Nota pública
          Literatura Juvenil Biblioteca Pública San Juan Bosco Biblioteca Pública San Juan Bosco 20/01/2020 NT 1 JN MACLga MOS019764 27/10/2025 21/10/2025 ej.1 20/01/2020 Libro Literatura Quince días

© Todos los derechos reservados para la Biblioteca Pública Municipal San Juan Bosco, 2020
Secretaria de Cultura de Mosquera
Carrera 3 N° 10 Esquina Centro Cultural Barrio El Carmén Teléfono: 8270830 Ext: 34
Funcionando con KOHA
Contacto: Biblioteca Pública Municipal San Juan Bosco/ bibliotecasanjuanbosco@mosquera-cundinamarca.gov.co
Mosquera, Cundinamarca